Sociology
This survey focuses on five key concepts to explain sociological principles: function; structure; action; culture; and power. These concepts enable the text to present structural sociology and culture, with student-orientated examples.
Bewaard in:
| Hoofdauteur: | |
|---|---|
| Formaat: | Boek |
| Taal: | Undetermined |
| Gepubliceerd in: |
New York
McGraw-Hill
1980
|
| Onderwerpen: | |
| Tags: |
Voeg label toe
Geen labels, Wees de eerste die dit record labelt!
|
| Thư viện lưu trữ: | Trung tâm Học liệu Trường Đại học Cần Thơ |
|---|
| LEADER | 00747nam a2200205Ia 4500 | ||
|---|---|---|---|
| 001 | CTU_186347 | ||
| 008 | 210402s9999 xx 000 0 und d | ||
| 020 | |c 24.4 | ||
| 082 | |a 301 | ||
| 082 | |b H823 | ||
| 100 | |a Horton, Paul B. | ||
| 245 | 0 | |a Sociology | |
| 245 | 0 | |c Paul B. Horton, Chester L. Hunt | |
| 260 | |a New York | ||
| 260 | |b McGraw-Hill | ||
| 260 | |c 1980 | ||
| 520 | |a This survey focuses on five key concepts to explain sociological principles: function; structure; action; culture; and power. These concepts enable the text to present structural sociology and culture, with student-orientated examples. | ||
| 650 | |a Sociology,Xã hội học | ||
| 904 | |i Trúc | ||
| 980 | |a Trung tâm Học liệu Trường Đại học Cần Thơ | ||